[Event "Club 608 Online 1 - Open C (-1200)"]
[Date "2021.04.10"]
[Round "2.10"]
[White "Migus, Benjamin"]
[Black "Coffin, Mathis"]
[Result "1-0"]
[BlackElo "1009"]
[WhiteElo "1009"]

1. e4 {[%clk 0:50:10.0]} e5 {[%clk 0:50:04.0]} 2. Nf3 {[%clk 0:50:13.2]} Nc6 {[%clk 0:49:56.6]} 3. Bb5 {[%clk 0:50:18.5]} a6 {[%clk 0:49:57.1]} 4. Bxc6 {[%clk 0:50:24.6]} bxc6 {[%clk 0:49:56.8]} 5. Nxe5 {[%clk 0:50:29.8]} Qe7 {[%clk 0:50:02.8]} 6. Nf3 {[%clk 0:50:21.9]} Qxe4+ {[%clk 0:50:08.4]} 7. Qe2 {[%clk 0:49:59.9]} d5 {[%clk 0:50:06.3]} 8. Qxe4+ {[%clk 0:50:02.6]} dxe4 {[%clk 0:50:13.3]} 9. Ng5 {[%clk 0:50:00.8]} Bf5 {[%clk 0:50:10.8]} 10. 0-0 {[%clk 0:50:01.9]} e3 {[%clk 0:50:15.0]} 11. d3 {[%clk 0:49:55.3]} e2 {[%clk 0:50:20.9]} 12. Re1 {[%clk 0:49:49.1]} Bg4 {[%clk 0:50:28.0]} 13. f3 {[%clk 0:49:49.0]} Bh5 {[%clk 0:50:08.7]} 14. Rxe2+ {[%clk 0:49:46.1]} Kd8 {[%clk 0:50:02.3]} 15. g4 {[%clk 0:49:32.8]} Bg6 {[%clk 0:50:08.1]} 16. Nc3 {[%clk 0:49:20.7]} h5 {[%clk 0:50:11.5]} 17. gxh5 {[%clk 0:49:18.8]} Rxh5 {[%clk 0:50:15.2]} 18. Kh1 {[%clk 0:49:01.3]} Rxg5 {[%clk 0:50:10.8]} 19. Bxg5+ {[%clk 0:49:04.0]} f6 {[%clk 0:50:07.8]} 20. Bf4 {[%clk 0:49:07.5]} Bh5 {[%clk 0:50:12.1]} 21. Re3 {[%clk 0:49:03.9]} Bc5 {[%clk 0:50:16.6]} 22. h3 {[%clk 0:48:32.1]} Bxe3 {[%clk 0:50:20.4]} 23. Bxe3 {[%clk 0:48:30.4]} Bxf3+ {[%clk 0:50:18.8]} 24. Kg1 {[%clk 0:48:34.9]} Nh6 {[%clk 0:50:21.8]} 25. Bxh6 {[%clk 0:48:38.5]} gxh6 {[%clk 0:50:29.0]} 26. Kf2 {[%clk 0:48:43.0]} Bh5 {[%clk 0:50:31.7]} 27. Kg3 {[%clk 0:48:46.9]} Kd7 {[%clk 0:50:32.9]} 28. Re1 {[%clk 0:48:53.2]} Re8 {[%clk 0:50:30.8]} 29. Rxe8 {[%clk 0:48:56.8]} Bxe8 {[%clk 0:50:36.4]} 30. Ne4 {[%clk 0:48:50.8]} f5 {[%clk 0:50:37.2]} 31. Nf6+ {[%clk 0:48:54.6]} Ke7 {[%clk 0:50:42.7]} 32. Nxe8 {[%clk 0:48:59.5]} Kxe8 {[%clk 0:50:49.6]} 33. c4 {[%clk 0:49:06.7]} Kf7 {[%clk 0:50:51.9]} 34. Kf4 {[%clk 0:49:09.6]} Kg6 {[%clk 0:50:58.1]} 35. a4 {[%clk 0:49:03.2]} h5 {[%clk 0:50:54.8]} 36. b4 {[%clk 0:49:02.2]} h4 {[%clk 0:50:56.5]} 37. b5 {[%clk 0:49:04.9]} cxb5 {[%clk 0:51:02.4] Black offered a draw.} 38. cxb5 {[%clk 0:48:50.2]} axb5 {[%clk 0:51:08.6]} 39. a5 {[%clk 0:48:56.0]} b4 {[%clk 0:51:13.8]} 40. a6 {[%clk 0:49:02.4]} b3 {[%clk 0:51:19.4]} 41. a7 {[%clk 0:49:09.0]} b2 {[%clk 0:51:26.8]} 42. a8=Q {[%clk 0:49:10.1]} b1=Q {[%clk 0:51:30.3]} 43. Qd5 {[%clk 0:49:04.1]} Qf1+ {[%clk 0:51:30.1]} 44. Ke5 {[%clk 0:48:53.8]} Qe1+ {[%clk 0:51:35.1]} 45. Kd4 {[%clk 0:48:54.8]} Qb4+ {[%clk 0:51:40.1]} 46. Qc4 {[%clk 0:48:58.2]} Qd6+ {[%clk 0:51:43.0]} 47. Qd5 {[%clk 0:49:02.8]} Qxd5+ {[%clk 0:51:49.2]} 48. Kxd5 {[%clk 0:49:09.2]} f4 {[%clk 0:51:55.8]} 49. Ke4 {[%clk 0:49:17.2]} Kg5 {[%clk 0:52:03.1]} 50. Kf3 {[%clk 0:49:24.3]} c5 {[%clk 0:52:07.7]} 51. Ke2 {[%clk 0:49:25.1]} Kf5 {[%clk 0:52:05.5]} 52. Kd2 {[%clk 0:49:29.1]} f3 {[%clk 0:52:10.6]} 53. Ke3 {[%clk 0:49:34.1]} f2 {[%clk 0:52:05.4]} 54. Kxf2 {[%clk 0:49:41.4]} Kf4 {[%clk 0:52:09.1]} 55. Ke2 {[%clk 0:49:48.6]} Kg3 {[%clk 0:52:15.1]} 56. Ke3 {[%clk 0:49:55.6]} Kxh3 {[%clk 0:52:22.6]} 57. Ke4 {[%clk 0:49:58.9]} Kg3 {[%clk 0:52:29.3]} 58. Kf5 {[%clk 0:50:00.7]} h3 {[%clk 0:52:36.8]} 59. Ke5 {[%clk 0:50:08.2]} h2 {[%clk 0:52:43.7]} 60. d4 {[%clk 0:50:15.0]} h1=Q {[%clk 0:52:47.2]} 61. dxc5 {[%clk 0:50:21.6]} Qc1 {[%clk 0:52:52.2]} 62. Kd6 {[%clk 0:50:25.6]} Qa1 {[%clk 0:52:46.9]} 63. c6 {[%clk 0:50:32.0]} Qa6 {[%clk 0:52:53.0]} 64. Kd7 {[%clk 0:50:37.8]} Qa7+ {[%clk 0:52:59.1]} 65. c7 {[%clk 0:50:45.5]} Qd4+ {[%clk 0:53:01.1]} 66. Kc8 {[%clk 0:50:52.7]} Qh8+ {[%clk 0:53:04.6]} 67. Kb7 {[%clk 0:50:56.5]} Qe8 {[%clk 0:53:02.5]} 68. c8=Q {[%clk 0:50:58.9]} Qb5+ {[%clk 0:53:08.8]} 69. Kc7 {[%clk 0:51:01.4]} Qa5+ {[%clk 0:53:12.5]} 70. Kd7 {[%clk 0:51:04.6]} Kf4 {[%clk 0:53:16.9]} 71. Qc1+ {[%clk 0:51:06.0]} Ke5 {[%clk 0:53:19.0]} 72. Qg5+ {[%clk 0:51:02.9]} Ke4 {[%clk 0:53:22.6]} 73. Qxa5 {[%clk 0:51:09.4]} Kd4 {[%clk 0:53:26.5]} 74. Qh5 {[%clk 0:51:13.5]} Ke4 {[%clk 0:53:31.8]} 75. Qg5 {[%clk 0:51:17.8] Black offered a draw.} Kd4 {[%clk 0:53:28.4]} 76. Qf5 {[%clk 0:51:24.5]} Kc4 {[%clk 0:53:32.1]} 77. Qe5 {[%clk 0:51:30.7]} Kd3 {[%clk 0:53:36.5]} 78. Qf4 {[%clk 0:51:36.2]} Kc3 {[%clk 0:53:40.2]} 79. Qe4 {[%clk 0:51:43.7]} Kd2 {[%clk 0:53:44.4]} 80. Qf3 {[%clk 0:51:49.8]} Kc2 {[%clk 0:53:50.4]} 81. Qe3 {[%clk 0:51:57.2]} Kb2 {[%clk 0:53:55.2]} 82. Qd3 {[%clk 0:52:04.6]} Ka1 {[%clk 0:53:56.6]} 83. Qd2 {[%clk 0:52:03.4]} Kb1 {[%clk 0:54:02.1]} 84. Kc6 {[%clk 0:52:11.0]} Ka1 {[%clk 0:54:08.0]} 85. Kc5 {[%clk 0:52:18.5]} Kb1 {[%clk 0:54:15.1]} 86. Kd4 {[%clk 0:52:25.8]} Ka1 {[%clk 0:54:22.5]} 87. Kc3 {[%clk 0:52:32.3]} Kb1 {[%clk 0:54:29.9]} 88. Qb2# {[%clk 0:52:38.1]} 1-0

[Event "Club 608 Online 1 - Open C (-1200)"]
[Date "2021.04.10"]
[Round "2.11"]
[White "Tran Hong Dat, Phan"]
[Black "Pinçon, Lili"]
[Result "1-0"]
[BlackElo "1009"]
[WhiteElo "1009"]

{Clock started by Black.} 1. e4 {[%clk 0:50:05.9]} Nc6 {[%clk 0:49:42.8]} 2. Nf3 {[%clk 0:49:57.1]} e5 {[%clk 0:49:40.2]} 3. Bc4 {[%clk 0:49:59.4]} Bc5 {[%clk 0:49:41.8]} 4. 0-0 {[%clk 0:50:02.7]} d6 {[%clk 0:49:41.9]} 5. d3 {[%clk 0:50:04.8]} Bg4 {[%clk 0:49:46.9]} 6. h3 {[%clk 0:50:01.4]} Bh5 {[%clk 0:49:53.3]} 7. Bg5 {[%clk 0:50:04.6]} Qxg5 {[%clk 0:49:55.6]} 8. Nxg5 {[%clk 0:50:12.0]} 0-0-0 {[%clk 0:50:00.3]} 9. Qd2 {[%clk 0:50:08.8]} Nf6 {[%clk 0:50:07.0]} 10. Nc3 {[%clk 0:50:11.8]} Nxe4 {[%clk 0:49:57.9]} 11. dxe4 {[%clk 0:50:16.2]} Kb8 {[%clk 0:49:53.9]} 12. Nxf7 {[%clk 0:50:21.8]} Rdg8 {[%clk 0:49:51.1]} 13. Nxh8 {[%clk 0:50:27.2]} Rxh8 {[%clk 0:49:57.2]} 14. Qg5 {[%clk 0:50:26.7]} d5 {[%clk 0:49:54.8]} 15. exd5 {[%clk 0:50:30.7]} Be7 {[%clk 0:49:58.4]} 16. Qxh5 {[%clk 0:50:34.6]} Rf8 {[%clk 0:49:46.7]} 17. dxc6 {[%clk 0:50:38.4]} Kc8 {[%clk 0:49:37.2]} 18. Qxe5 {[%clk 0:50:34.9]} Re8 {[%clk 0:49:42.3]} 19. cxb7+ {[%clk 0:50:41.1]} Kd7 {[%clk 0:49:46.4]} 20. Qe6+ {[%clk 0:50:43.7]} Kd8 {[%clk 0:49:37.5]} 21. b8=Q# {[%clk 0:50:49.8]} 1-0

[Event "Club 608 Online 1 - Open B (-1600)"]
[Date "2021.04.10"]
[Round "2.11"]
[White "Leclercq, Robin"]
[Black "Peignien, Laurent"]
[Result "1/2-1/2"]
[BlackElo "1250"]
[WhiteElo "1392"]

1. d4 {[%clk 0:50:10.0]} e6 {[%clk 0:50:04.0]} 2. c4 {[%clk 0:50:16.1]} Nf6 {[%clk 0:50:07.5]} 3. Nc3 {[%clk 0:50:22.6]} Bb4 {[%clk 0:49:57.4]} 4. Bd2 {[%clk 0:50:30.5]} c5 {[%clk 0:49:42.2]} 5. Nf3 {[%clk 0:49:48.7]} d5 {[%clk 0:49:08.0]} 6. a3 {[%clk 0:49:43.7]} Bxc3 {[%clk 0:49:05.1]} 7. Bxc3 {[%clk 0:49:49.9]} dxc4 {[%clk 0:49:06.9]} 8. Qa4+ {[%clk 0:49:54.0]} Nc6 {[%clk 0:48:59.8]} 9. Qxc4 {[%clk 0:49:57.4]} cxd4 {[%clk 0:48:34.6]} 10. Nxd4 {[%clk 0:49:50.5]} Qb6 {[%clk 0:47:51.9]} 11. Nxc6 {[%clk 0:49:42.0]} bxc6 {[%clk 0:47:36.6]} 12. Bxf6 {[%clk 0:49:44.4]} gxf6 {[%clk 0:47:14.2]} 13. e3 {[%clk 0:48:31.0]} Bb7 {[%clk 0:46:53.1]} 14. Qc3 {[%clk 0:48:24.5]} Ke7 {[%clk 0:46:37.8]} 15. Bd3 {[%clk 0:48:04.2]} c5 {[%clk 0:46:28.3]} 16. b4 {[%clk 0:47:07.0]} cxb4 {[%clk 0:45:07.2]} 17. Qxb4+ {[%clk 0:47:13.0]} Qxb4+ {[%clk 0:45:11.7]} 18. axb4 {[%clk 0:47:20.2]} Bxg2 {[%clk 0:45:02.2]} 19. Rg1 {[%clk 0:47:20.7]} Bf3 {[%clk 0:45:06.7]} 20. Rg7 {[%clk 0:47:17.2]} f5 {[%clk 0:44:56.5]} 21. Rg3 {[%clk 0:47:12.8]} Bd5 {[%clk 0:44:11.6]} 22. Rh3 {[%clk 0:46:58.8]} Bb3 {[%clk 0:43:46.9]} 23. e4 {[%clk 0:46:06.0]} Rhg8 {[%clk 0:43:02.0]} 24. Ke2 {[%clk 0:45:42.4]} fxe4 {[%clk 0:42:01.7]} 25. Bxe4 {[%clk 0:45:41.1]} Bc4+ {[%clk 0:42:06.9]} 26. Ke3 {[%clk 0:45:43.0]} Rad8 {[%clk 0:42:05.5]} 27. Rxa7+ {[%clk 0:45:47.7]} Kf6 {[%clk 0:42:05.2]} 28. Rxh7 {[%clk 0:45:38.1]} Rg1 {[%clk 0:41:55.7]} 29. Raxf7+ {[%clk 0:45:35.7]} Ke5 {[%clk 0:41:59.0]} 30. Rh5+ {[%clk 0:45:25.4]} Kd6 {[%clk 0:41:57.9]} 31. Rc5 {[%clk 0:42:22.5]} Re1+ {[%clk 0:41:37.1]} 32. Kd4 {[%clk 0:41:51.9]} e5+ {[%clk 0:39:40.0]} 33. Kxc4 {[%clk 0:41:36.4]} Rxe4+ {[%clk 0:39:44.7]} 34. Kc3 {[%clk 0:41:12.3]} Rb8 {[%clk 0:39:42.4]} 35. Rc4 {[%clk 0:41:02.9]} Re2 {[%clk 0:39:12.4]} 36. h4 {[%clk 0:40:53.6]} Ra2 {[%clk 0:38:56.3]} 37. h5 {[%clk 0:40:42.0]} Ra3+ {[%clk 0:39:01.9]} 38. Kb2 {[%clk 0:40:44.8]} Rh3 {[%clk 0:39:07.6]} 39. Rh7 {[%clk 0:40:49.3]} Rf3 {[%clk 0:39:04.4]} 40. h6 {[%clk 0:40:02.9]} Rxf2+ {[%clk 0:39:03.4]} 41. Kc3 {[%clk 0:40:11.4]} Rh2 {[%clk 0:38:48.8]} 42. Kd3 {[%clk 0:40:15.0]} Rh3+ {[%clk 0:38:46.2]} 43. Kd2 {[%clk 0:39:49.9]} Kd5 {[%clk 0:38:43.9]} 44. Rg4 {[%clk 0:39:36.0]} e4 {[%clk 0:38:32.8]} 45. Rg6 {[%clk 0:39:40.2]} Rxb4 {[%clk 0:38:28.6]} 46. Rd7+ {[%clk 0:39:44.1]} Ke5 {[%clk 0:38:18.5]} 47. h7 {[%clk 0:39:39.8]} Rb2+ {[%clk 0:37:50.9]} 48. Kc1 {[%clk 0:39:43.5]} Rf2 {[%clk 0:37:48.0]} 49. Rg1 {[%clk 0:35:46.1]} Rhh2 {[%clk 0:35:23.3]} 50. Re7+ {[%clk 0:30:21.5]} Kd4 {[%clk 0:35:09.7]} 51. Rd7+ {[%clk 0:30:28.0]} Ke5 {[%clk 0:35:13.5]} 52. Re7+ {[%clk 0:30:35.8]} Kd4 {[%clk 0:35:21.4]} 53. Rd7+ {[%clk 0:30:44.0]} Ke5 {[%clk 0:35:29.6]} {Draw by Repetition} 1/2-1/2

[Event "Club 608 Online 1 - Open C (-1200)"]
[Date "2021.04.10"]
[Round "2.12"]
[White "Pinçon, Pierrot"]
[Black "Decaure--Gonzalez, Rodrigue"]
[Result "1-0"]
[BlackElo "1009"]
[WhiteElo "1009"]

{Clock started by Black. Black stopped clock for 348 seconds.} 1. Nf3 {[%clk 0:49:25.8]} Nf6 {[%clk 0:50:05.3]} 2. Nc3 {[%clk 0:49:31.2]} Nc6 {[%clk 0:50:10.0]} 3. d4 {[%clk 0:49:38.4]} d5 {[%clk 0:49:59.4]} 4. Bg5 {[%clk 0:49:18.6]} Bg4 {[%clk 0:49:29.7]} 5. Bxf6 {[%clk 0:49:09.7]} exf6 {[%clk 0:49:32.1]} 6. Qd3 {[%clk 0:48:57.4]} Qd6 {[%clk 0:48:47.6]} 7. Qe3+ {[%clk 0:48:24.6]} Qe6 {[%clk 0:48:47.3]} 8. Qxe6+ {[%clk 0:47:42.0]} fxe6 {[%clk 0:48:53.0]} 9. 0-0-0 {[%clk 0:46:44.5]} g6 {[%clk 0:48:46.6]} 10. e4 {[%clk 0:45:43.6]} Nb4 {[%clk 0:48:21.1]} 11. exd5 {[%clk 0:45:37.2]} exd5 {[%clk 0:48:23.8]} 12. Bb5+ {[%clk 0:44:44.5]} c6 {[%clk 0:48:17.8]} 13. Rhe1+ {[%clk 0:44:23.0]} Be7 {[%clk 0:48:12.7]} 14. Bd3 {[%clk 0:42:55.7]} c5 {[%clk 0:47:21.0]} 15. dxc5 {[%clk 0:41:31.5]} Nc6 {[%clk 0:47:21.5]} 16. Nxd5 {[%clk 0:40:50.7]} Bxf3 {[%clk 0:46:33.3]} 17. gxf3 {[%clk 0:39:55.9]} Ne5 {[%clk 0:43:52.1]} 18. Bb5+ {[%clk 0:38:58.4]} Nc6 {[%clk 0:43:41.9]} 19. Bxc6+ {[%clk 0:39:00.4]} bxc6 {[%clk 0:43:45.8]} 20. Rxe7+ {[%clk 0:39:07.6]} Kf8 {[%clk 0:43:48.3]} 21. f4 {[%clk 0:39:05.5]} Re8 {[%clk 0:43:47.3]} 22. Rxa7 {[%clk 0:37:53.3] Black offered a draw.} Kg8 {[%clk 0:43:20.4]} 23. Nxf6+ {[%clk 0:37:56.8]} Kf8 {[%clk 0:43:24.9]} 24. Nxe8 {[%clk 0:38:03.0]} Kxe8 {[%clk 0:43:30.6]} 25. f5 {[%clk 0:38:10.0]} gxf5 {[%clk 0:43:36.0]} 26. b3 {[%clk 0:38:12.4]} Kf8 {[%clk 0:43:22.6]} 27. Rd8# {[%clk 0:38:17.2]} 1-0

[Event "Club 608 Online 1 - Open B (-1600)"]
[Date "2021.04.10"]
[Round "2.12"]
[White "Mecherfi, Nuêman"]
[Black "Antoine, Amalric"]
[Result "1-0"]
[BlackElo "1439"]
[WhiteElo "1176"]

{Clock started by Black.} 1. e4 {[%clk 0:50:05.4]} c5 {[%clk 0:50:04.1]} 2. Nf3 {[%clk 0:50:12.2]} d6 {[%clk 0:50:10.8]} 3. Bb5+ {[%clk 0:50:18.1]} Nd7 {[%clk 0:50:18.1]} 4. d4 {[%clk 0:50:13.3]} cxd4 {[%clk 0:50:10.4]} 5. Nxd4 {[%clk 0:50:20.3]} Nf6 {[%clk 0:50:18.2]} 6. Nc3 {[%clk 0:50:26.4]} a6 {[%clk 0:50:23.4]} 7. Bd3 {[%clk 0:50:24.8]} g6 {[%clk 0:50:22.1]} 8. 0-0 {[%clk 0:50:07.2]} Bg7 {[%clk 0:50:28.7]} 9. f4 {[%clk 0:49:48.9]} 0-0 {[%clk 0:50:20.8]} 10. Be3 {[%clk 0:49:33.3]} Nc5 {[%clk 0:47:18.7]} 11. f5 {[%clk 0:41:41.7]} Qb6 {[%clk 0:45:37.3]} 12. Nb3 {[%clk 0:37:28.1]} Qc7 {[%clk 0:44:59.2]} 13. Nxc5 {[%clk 0:34:57.1]} dxc5 {[%clk 0:45:00.8]} 14. Bf4 {[%clk 0:31:45.3]} Qc6 {[%clk 0:38:50.1]} 15. e5 {[%clk 0:30:05.9]} Nh5 {[%clk 0:38:53.6]} 16. Be4 {[%clk 0:26:36.8]} Qb6 {[%clk 0:39:00.6]} 17. Nd5 {[%clk 0:26:16.5]} Qxb2 {[%clk 0:38:39.6]} 18. Nxe7+ {[%clk 0:25:24.3]} Kh8 {[%clk 0:38:45.9]} 19. Rb1 {[%clk 0:20:34.1]} Qd4+ {[%clk 0:37:14.2]} 20. Qxd4 {[%clk 0:20:34.8]} cxd4 {[%clk 0:37:22.5]} 21. f6 {[%clk 0:20:19.9]} Nxf6 {[%clk 0:36:10.8]} 22. exf6 {[%clk 0:18:46.6]} Bxf6 {[%clk 0:36:19.1]} 23. Nxc8 {[%clk 0:17:52.6]} Raxc8 {[%clk 0:35:56.0]} 24. Bd6 {[%clk 0:17:37.4]} Rfe8 {[%clk 0:35:35.5]} 25. Bxb7 {[%clk 0:16:50.5]} Rxc2 {[%clk 0:35:40.8]} 26. Rxf6 {[%clk 0:16:10.7]} {Black Resigned} 1-0

[Event "Club 608 Online 1 - Open C (-1200)"]
[Date "2021.04.10"]
[Round "2.13"]
[White "Dergham, Leo"]
[Black "Landoeuer, Jessy"]
[Result "0-1"]
[BlackElo "1009"]
[BlackFideId "551047454"]
[WhiteElo "1009"]

{Clock started by White.} 1. e4 {[%clk 0:50:04.4]} e5 {[%clk 0:50:05.9]} 2. Nf3 {[%clk 0:50:12.0]} Nc6 {[%clk 0:50:10.9]} 3. Nc3 {[%clk 0:50:18.9]} Bc5 {[%clk 0:50:13.0]} 4. Bc4 {[%clk 0:50:25.8]} d6 {[%clk 0:50:18.8]} 5. 0-0 {[%clk 0:50:31.7]} Nd4 {[%clk 0:49:43.3]} 6. Nxd4 {[%clk 0:50:30.1]} Bxd4 {[%clk 0:49:30.6]} 7. Nb5 {[%clk 0:50:37.9]} Qg5 {[%clk 0:49:26.5]} 8. d3 {[%clk 0:50:42.5]} Bb6 {[%clk 0:49:28.2]} 9. Bxg5 {[%clk 0:50:47.3]} f6 {[%clk 0:49:11.5]} 10. Bc1 {[%clk 0:50:43.3]} Ne7 {[%clk 0:49:06.3]} 11. Nxc7+ {[%clk 0:50:45.3]} Bxc7 {[%clk 0:48:48.5]} 12. Bb5+ {[%clk 0:50:40.9]} Nc6 {[%clk 0:48:46.4]} 13. f4 {[%clk 0:50:26.4]} 0-0 {[%clk 0:48:46.3]} 14. fxe5 {[%clk 0:50:32.9]} dxe5 {[%clk 0:48:51.9]} 15. Bc4+ {[%clk 0:50:37.0]} Kh8 {[%clk 0:48:55.9]} 16. d4 {[%clk 0:50:34.9]} Bd7 {[%clk 0:48:50.0]} 17. dxe5 {[%clk 0:50:38.9]} fxe5 {[%clk 0:48:51.2]} 18. Qxd7 {[%clk 0:50:38.8]} Bb6+ {[%clk 0:48:35.8]} 19. Kh1 {[%clk 0:50:24.6] White offered a draw.} Rxf1+ {[%clk 0:48:30.0]} 20. Bxf1 {[%clk 0:50:20.9]} Rf8 {[%clk 0:48:36.0]} 21. Bd3 {[%clk 0:50:17.8]} Nb4 {[%clk 0:48:31.9]} 22. Qxb7 {[%clk 0:50:22.9]} Nxd3 {[%clk 0:48:40.0]} 23. Qxb6 {[%clk 0:50:28.6] White offered a draw.} Rf1+ {[%clk 0:48:40.5]} 24. Qg1 {[%clk 0:49:54.6]} Nf2# {[%clk 0:48:46.4]} 0-1

[Event "Club 608 Online 1 - Open B (-1600)"]
[Date "2021.04.10"]
[Round "2.13"]
[White "Nouni, Rayane"]
[Black "Piquard, Yaroslav"]
[Result "0-1"]
[BlackElo "1415"]
[WhiteElo "1151"]

1. e4 {[%clk 0:50:10.0]} c6 {[%clk 0:50:06.1]} 2. Nf3 {[%clk 0:50:16.9]} d5 {[%clk 0:50:14.6]} 3. d3 {[%clk 0:50:23.7]} Bg4 {[%clk 0:50:21.9]} 4. Be2 {[%clk 0:50:28.8]} Nd7 {[%clk 0:50:25.2]} 5. h3 {[%clk 0:50:35.9]} Bxf3 {[%clk 0:50:28.0]} 6. Bxf3 {[%clk 0:50:42.3]} e6 {[%clk 0:50:36.5]} 7. 0-0 {[%clk 0:50:47.9]} Bd6 {[%clk 0:50:35.6]} 8. Nc3 {[%clk 0:50:48.4]} Qc7 {[%clk 0:50:28.0]} 9. Kh1 {[%clk 0:50:37.9]} Ngf6 {[%clk 0:50:21.7]} 10. d4 {[%clk 0:50:19.4]} dxe4 {[%clk 0:50:14.3]} 11. Nxe4 {[%clk 0:50:21.1]} Nxe4 {[%clk 0:50:18.1]} 12. Bxe4 {[%clk 0:50:26.1]} Nf6 {[%clk 0:50:26.3]} 13. Bf3 {[%clk 0:50:29.7]} h6 {[%clk 0:50:33.5]} 14. Re1 {[%clk 0:50:28.5]} Rd8 {[%clk 0:50:34.9]} 15. Be3 {[%clk 0:50:31.5]} 0-0 {[%clk 0:50:35.5]} 16. Qd2 {[%clk 0:50:19.6]} Be7 {[%clk 0:50:33.9]} 17. Bf4 {[%clk 0:50:09.4]} Qb6 {[%clk 0:50:36.3]} 18. c3 {[%clk 0:49:58.9]} c5 {[%clk 0:50:03.3]} 19. Be3 {[%clk 0:49:56.9]} Rd7 {[%clk 0:49:48.9]} 20. dxc5 {[%clk 0:49:26.1]} Bxc5 {[%clk 0:48:00.1]} 21. Bxc5 {[%clk 0:49:08.6]} Qxc5 {[%clk 0:48:02.6]} 22. Qe3 {[%clk 0:49:05.8]} Qxe3 {[%clk 0:48:04.9]} 23. fxe3 {[%clk 0:49:09.6]} b5 {[%clk 0:48:11.4]} 24. Bc6 {[%clk 0:48:38.9]} Rd2 {[%clk 0:48:15.5]} 25. Bxb5 {[%clk 0:48:40.6]} Rxb2 {[%clk 0:48:23.2]} 26. Reb1 {[%clk 0:48:36.2]} Rc2 {[%clk 0:48:24.9]} 27. Rc1 {[%clk 0:48:39.6]} Rxc1+ {[%clk 0:48:20.7]} 28. Rxc1 {[%clk 0:48:45.4]} Rb8 {[%clk 0:48:26.0]} 29. Bc4 {[%clk 0:48:47.3]} Rc8 {[%clk 0:48:26.1]} 30. Bb3 {[%clk 0:48:54.7]} Ne4 {[%clk 0:48:32.4]} 31. c4 {[%clk 0:48:58.4]} Kf8 {[%clk 0:48:21.3]} 32. Kg1 {[%clk 0:48:57.1]} Ke7 {[%clk 0:48:28.3]} 33. Kf1 {[%clk 0:48:56.2]} Kd6 {[%clk 0:48:30.0]} 34. Ke2 {[%clk 0:48:56.2]} g5 {[%clk 0:48:21.9]} 35. Kf3 {[%clk 0:48:44.5]} f5 {[%clk 0:48:22.6]} 36. g4 {[%clk 0:48:43.5]} Kc5 {[%clk 0:47:54.8]} 37. Rc2 {[%clk 0:48:28.8]} Rd8 {[%clk 0:47:53.0]} 38. a3 {[%clk 0:48:06.0]} Rd3 {[%clk 0:47:27.5]} 39. gxf5 {[%clk 0:48:02.1]} exf5 {[%clk 0:47:33.1]} 40. Rb2 {[%clk 0:47:47.0]} Nd2+ {[%clk 0:47:36.1]} 41. Ke2 {[%clk 0:47:33.9]} Rxb3 {[%clk 0:47:44.1]} 42. Rxd2 {[%clk 0:47:39.9]} Rxa3 {[%clk 0:47:49.9]} 43. Rd5+ {[%clk 0:47:42.5]} Kxc4 {[%clk 0:47:58.3]} 44. Rxf5 {[%clk 0:47:49.3]} a5 {[%clk 0:48:04.9]} 45. Rf8 {[%clk 0:47:51.1]} a4 {[%clk 0:48:11.5]} 46. Rd8 {[%clk 0:47:56.3]} Ra2+ {[%clk 0:48:18.4]} 47. Kd1 {[%clk 0:48:01.2]} Rh2 {[%clk 0:48:19.6]} 48. Rd4+ {[%clk 0:48:00.5]} Kb3 {[%clk 0:48:26.8]} 49. Rd3+ {[%clk 0:48:07.7]} Kb2 {[%clk 0:48:30.2]} 50. e4 {[%clk 0:48:04.4]} a3 {[%clk 0:48:34.8]} 51. Rd6 {[%clk 0:47:40.2]} a2 {[%clk 0:48:34.3]} 52. Rb6+ {[%clk 0:47:41.4]} Kc3 {[%clk 0:48:40.4]} 53. Ra6 {[%clk 0:47:41.5]} Kd3 {[%clk 0:48:47.0]} 54. Kc1 {[%clk 0:47:38.7]} Kxe4 {[%clk 0:48:53.7] White offered a draw.} 55. Ra3 {[%clk 0:46:40.6]} h5 {[%clk 0:48:52.3]} 56. Ra4+ {[%clk 0:46:32.4]} Kd3 {[%clk 0:48:47.6]} 57. Ra3+ {[%clk 0:46:37.9]} Kc4 {[%clk 0:48:54.6]} 58. Ra4+ {[%clk 0:46:06.7]} Kb3 {[%clk 0:49:00.5]} 59. Ra8 {[%clk 0:46:07.7]} Rh1+ {[%clk 0:49:06.4]} 60. Kd2 {[%clk 0:46:15.4]} a1=Q {[%clk 0:49:13.3]} 61. Rxa1 {[%clk 0:46:18.7]} Rxa1 {[%clk 0:49:13.8]} 62. Ke2 {[%clk 0:46:26.6]} Rh1 {[%clk 0:49:18.7]} 63. Kf3 {[%clk 0:46:32.4]} Rxh3+ {[%clk 0:49:26.6]} 64. Kg2 {[%clk 0:46:39.0]} Rd3 {[%clk 0:49:34.3]} 65. Kf2 {[%clk 0:46:46.5]} Kc3 {[%clk 0:49:39.9]} 66. Ke2 {[%clk 0:46:48.2]} g4 {[%clk 0:49:47.2]} 67. Kf2 {[%clk 0:46:56.1]} h4 {[%clk 0:49:51.8]} 68. Kg2 {[%clk 0:47:00.4]} Rd2+ {[%clk 0:49:57.6]} 69. Kh1 {[%clk 0:47:00.6]} h3 {[%clk 0:50:04.5]} 70. Kg1 {[%clk 0:47:07.1]} g3 {[%clk 0:50:12.3]} 71. Kf1 {[%clk 0:47:12.5]} Kd3 {[%clk 0:50:20.0]} 72. Ke1 {[%clk 0:47:16.6]} Ke3 {[%clk 0:50:27.5]} 73. Kf1 {[%clk 0:47:23.0]} Rd1# {[%clk 0:50:35.4]} 0-1